The Nicaraguan Development Process. A Bibliography on Development Problems in Central America /
Gardado en:
| Autor Principal: | |
|---|---|
| Autor Corporativo: | |
| Outros autores: | |
| Formato: | Texto |
| Publicado: |
Copenague:
CDR
|
| Etiquetas: |
Engadir etiqueta
Sen Etiquetas, Sexa o primeiro en etiquetar este rexistro!
|
MARC
| LEADER | 00000 a a2200000 04500 | ||
|---|---|---|---|
| 001 | 23285 | ||
| 003 | |||
| 040 | |||
| 020 | |a 0107-7899 | ||
| 090 | |a 161100 | ||
| 100 | |a Aalborg, Hans | ||
| 110 | |a Centre for Development Research | ||
| 245 | |a The Nicaraguan Development Process. A Bibliography on Development Problems in Central America / |c Hans Aalborg | ||
| 260 | |a Copenague: |b CDR | ||
| 300 | |a 96 p. | ||
| 700 | |a comp. | ||
| 999 | |c 10434 |d 10434 | ||
